| 000 | 01104nam a22002537a 4500 | ||
|---|---|---|---|
| 005 | 20170512115757.0 | ||
| 010 | _a1617EN ENG-118029 | ||
| 020 |
_a9789384866259 _c750.00 |
||
| 035 | _aB-647545-533 | ||
| 035 | _aEN-101561 | ||
| 035 | _aB-666089 | ||
| 037 |
_adpl _bVariety |
||
| 037 | _bDBAD/PUB | ||
| 082 | _a304.6 | ||
| 245 |
_aPopulation geography / _cedited by Akhilesh Kumar Pandey |
||
| 260 |
_aDelhi _bAncient Publishing House _c2015 |
||
| 270 |
_aV-75, Street No.15-A, Vijay Park, Near C-11, Shiv Sadhana Mandir, Yamuna Vihar _bDelhi _e110053 |
||
| 300 |
_a290p. _c23cm(Hb) |
||
| 500 | _aIncludes bibliographical references and index | ||
| 700 | _aPandey, Akhilesh Kumar | ||
| 942 |
_2ddc _cEN _mPOP _h304.6 |
||
| 999 |
_c102234 _d102234 |
||